000 00487nam a2200181 i 4500
001 30861
003 ES-MaACL
005 20260203063029.0
007 t|
008 030127s1968 sp ||||1| cat d
100 1 _aBartra, Agustí
_926185
245 1 0 _aCrist de 200.000 braços /
_cAgustí Bartra.
250 _a1ª ed.
260 _aBarcelona :
_bMartínez Roca,
_c[1968]
300 _a164 p. ;
_c20 cm.
852 _aES-MaACL
_jC-50926
_bR.65976
999 _c30861
_d30861